Ghost characters: atomization-combination theory for Arabic set (Record no. 356252)

000 -LEADER
fixed length control field 00720cam a2200241 a 4500
001 - CONTROL NUMBER
control field 14392531
003 - CONTROL NUMBER IDENTIFIER
control field NUST
005 - DATE AND TIME OF LATEST TRANSACTION
control field 20210730140935.0
008 - FIXED-LENGTH DATA ELEMENTS--GENERAL INFORMATION
fixed length control field 060503s2006 enk 000 0 eng
010 ## - LIBRARY OF CONGRESS CONTROL NUMBER
LC control number 2008399022
038 ## - RECORD CONTENT LICENSOR
Staff Name ARSHAD
040 ## - CATALOGING SOURCE
Original cataloging agency DLC
Transcribing agency DLC
050 00 - LIBRARY OF CONGRESS CALL NUMBER
Classification number PR6068.O1965
Item number G48 2006
082 00 - DEWEY DECIMAL CLASSIFICATION NUMBER
Classification number 005.72
Author Mark DUR
100 1# - MAIN ENTRY--PERSONAL NAME
Personal name Durrani, Attash
9 (RLIN) 10112
245 10 - TITLE STATEMENT
Title Ghost characters: atomization-combination theory for Arabic set
Statement of responsibility, etc. by Attash Durrani
260 ## - PUBLICATION, DISTRIBUTION, ETC.
Place of publication, distribution, etc. Islamabad :
Name of publisher, distributor, etc. Shakh-i- Zarreen,
Date of publication, distribution, etc. 2018
300 ## - PHYSICAL DESCRIPTION
Extent 188 p. ;
Dimensions 24 cm.
563 ## - BINDING INFORMATION
Binding note HBK
906 ## - LOCAL DATA ELEMENT F, LDF (RLIN)
a 7
b cbc
c orignew
d 3
e ncip
f 20
g y-gencatlg
942 ## - ADDED ENTRY ELEMENTS (KOHA)
Source of classification or shelving scheme
Koha item type Book
Holdings
Withdrawn status Lost status Source of classification or shelving scheme Damaged status Not for loan Permanent Location Current Location Shelving location Date acquired Full call number Barcode Date last seen Copy number Price effective from Koha item type
          Central Library (CL) Central Library (CL) First Floor - Operating System/ Data Structure 03/09/2018 005.72 DUR CL2008 06/02/2023 1 03/09/2018 Reference
© 2023 Central Library, National University of Sciences and Technology. All Rights Reserved.